000 00392nam a2200145 a 4500
005 20140412111228.0
008 100122s19uu xx 00 eng d
020 _a0-439-25406-x
050 _aTR(PS E
_bN91 2000
100 _aNumeroff, Laura
245 _aIf you take a mouse to the movies /
_cNumeroff, Laura.
260 _aU.S.A :
_bScholastic,
_c2000.
300 _aunp.
999 _c102097
_d102097